| 000 | 00406nam a22001457a 4500 | ||
|---|---|---|---|
| 020 | _a9789351110392 | ||
| 082 | _a621.381528 CHO | ||
| 100 | _aChoudhary, Prabhat | ||
| 245 | _aAnalogue electric circuit and devices | ||
| 260 |
_aNew Delhi, India _bRandom Publications _c2013 |
||
| 300 |
_a274 p. _bill. ; |
||
| 500 | _aIncludes index. | ||
| 650 | _aElectric circuit analysis --Data processing. | ||
| 942 | _cBK | ||
| 999 |
_c12484 _d12484 |
||